000 00787nam a2200265Ia 4500
003 OSt
005 20220927105307.0
006 a|||||r|||| 00| 0
007 ta
008 220926b |||||||| |||| 00| 0 eng d
024 _a157907
037 _cReference Collections
040 _aRTL
_cRTL
_beng
041 _2eng
_aeng
082 _a"W:5:(Y6).2.P, P6"
100 _aMOHIT Anuradha and others
_9371454
245 0 _aRights of the disabled
260 _aNew
_bDelhi National Human Rights Commission
_c2006
300 _a55p
_ccm.
490 _aNational Human Rights Commission
500 _aBibliography P 55
650 _aSociology
942 _h"W:5:(Y6).2.P, P6"
_cCC
999 _c691635
_d691635